Les chemins de la liberté III: La mort dans l` âme (roman)

Salvato in:
Dettagli Bibliografici
Autore principale: Sartre, Jean-Paul
Natura: Libro
Lingua:Undetermined
Pubblicazione: París, Francia Gallimard 1949
Soggetti:
Tags: Aggiungi Tag
Nessun Tag, puoi essere il primo ad aggiungerne!!

MARC

LEADER 00000nam a2200000Ia 4500
008 170316s9999 xx 000 0 und d
040 |a cru BVZT 
090 |a 840 S-10ch v.3 
100 |a Sartre, Jean-Paul 
245 |a Les chemins de la liberté III: La mort dans l` âme (roman) 
260 |a París, Francia 
260 |b Gallimard 
260 |c 1949 
300 |a 293 páginas 
650 |a LITERATURA FRANCESA 
650 |a NOVELA EN FRANCÉS 
999 |c 7961  |d 7961 
942 |c 15 D  |h 840 S-10ch v.3  |2 z